[Event "Dortmund-A"]
[Site "Dortmund"]
[Date "1991.??.??"]
[Round "4"]
[White "Razuvaev, Yuri S"]
[Black "Georgiev, Kiril"]
[Result "1/2-1/2"]
[WhiteElo "2585"]
[BlackElo "2585"]

1.d4 Nf6 2.c4 e6 3.g3 d5 4.Bg2 Be7 5.Nf3 O-O 6.O-O c6 7.b3 b6 8.Bb2 Bb7 9.Nbd2 Na6
10.e3 Rc8 11.Qe2 c5 12.Ne5 Nb4 13.dxc5 bxc5 14.Rfd1 Qb6 15.Ndf3 a5 16.g4 Rcd8
17.g5 Ne4 18.a3 Na6 19.Nd2 Nxd2 20.Rxd2 Qxb3 21.Rd3 Qb6 22.Rad1 Nc7 23.Bc3 Bxg5
24.Qg4 Bf6 25.Nc6 Bxc3 26.Nxd8 Rxd8 27.Rxc3 Qb2 28.Rcc1 Qxa3 29.Rb1 Bc6 30.Qf4 Ne8
31.cxd5 exd5 32.Rb6 c4 33.Qd4 Ba8 34.Ra1 Qe7 35.Rxa5 h6 36.Rba6 Bb7 37.Rb6 Ba8
38.Rb1 Rc8 39.Rba1 Bc6 40.Ra7 Qe6 41.R7a5 Nf6  1/2-1/2

[Event "Telecom op"]
[Site "Dublin"]
[Date "1991.??.??"]
[Round "?"]
[White "Hynes, Kilian A"]
[Black "Flear, Glenn C"]
[Result "0-1"]
[WhiteElo "2240"]
[BlackElo "2470"]

1.d4 d5 2.Nf3 Nf6 3.c4 e6 4.g3 Be7 5.Bg2 O-O 6.O-O dxc4 7.Qc2 a6 8.Qxc4 b5
9.Qc2 Bb7 10.Bf4 Nc6 11.Rd1 Nb4 12.Qc1 Qc8 13.Nc3 c5 14.dxc5 Qxc5 15.a3 Nbd5
16.Nxd5 Nxd5 17.Qxc5 Bxc5 18.Rac1 Rac8 19.Nd2 Bd4 20.Rxc8 Rxc8 21.Ne4 Nxf4
22.gxf4 Bxe4 23.Rxd4 Rc1+ 24.Bf1 f5 25.Rd6 a5 26.Rxe6 Rb1 27.b4 axb4 28.axb4 Rxb4
29.Re5 Rb1 30.f3 Bc6 31.Kf2 b4 32.e4 Rxf1+ 33.Kxf1 b3 34.exf5 b2 35.Re1 Bb5+
36.Kf2 Bd3  0-1

[Event "Telecom op"]
[Site "Dublin"]
[Date "1991.??.??"]
[Round "?"]
[White "Suba, Mihai"]
[Black "Orr, Mark J L"]
[Result "1-0"]
[WhiteElo "2540"]
[BlackElo "2370"]

1.c4 e6 2.g3 d5 3.Bg2 Nf6 4.Nf3 Be7 5.d4 O-O 6.O-O Nbd7 7.Qc2 c6 8.b3 b6
9.Bb2 Bb7 10.Nc3 Qc7 11.Rac1 Rac8 12.Rfe1 Rfe8 13.Qd3 Qb8 14.e4 dxe4 15.Nxe4 c5
16.d5 exd5 17.cxd5 Nxe4 18.Rxe4 Bf6 19.Bxf6 Nxf6 20.Rf4 Qd6 21.Ng5 g6 22.Rd1 Re5
23.h4 Rce8 24.Rd2 R8e7 25.Rxf6 Qxf6 26.d6 Rd7 27.Bxb7 Rxb7 28.d7 Qd8 29.Nxf7 Kxf7
30.Qf3+ Ke7 31.Qxb7 a5 32.a4 h6 33.Qc8 Re6 34.Kg2 g5 35.hxg5 hxg5 36.Rd1 g4
37.Rh1  1-0

[Event "Elgoibar"]
[Site "Elgoibar"]
[Date "1991.??.??"]
[Round "7"]
[White "Alvarez Ibarra, D Rafael"]
[Black "Garcia Palermo, Carlos"]
[Result "1-0"]
[WhiteElo "2355"]
[BlackElo "2455"]

1.d4 d5 2.Nf3 Nf6 3.c4 e6 4.g3 Be7 5.Bg2 O-O 6.O-O b6 7.Nc3 Bb7 8.Ne5 Na6
9.cxd5 exd5 10.Bf4 c5 11.Rc1 Re8 12.dxc5 Nxc5 13.b4 Ne6 14.b5 Nxf4 15.gxf4 Bc5
16.e3 Qd6 17.Qb3 a6 18.Rfd1 axb5 19.Nxd5 Nxd5 20.Rxd5 Qe6 21.Rdxc5 Bxg2 22.Qxe6 fxe6
23.Rxb5 Bd5 24.Rxb6 Rxa2 25.Rcb1 h6 26.Rb8 Rxb8 27.Rxb8+ Kh7 28.f3 Ra8 29.Rb4 Rf8
30.h4 g5 31.hxg5 hxg5 32.fxg5 Bxf3 33.Rf4 Rxf4 34.exf4 Bd5 35.Kf2 Kg7 36.Kg3 Ba2
37.Kf2 Bb1 38.Ke3 Kf8 39.Kd4 Ke7 40.Nf3 Kd6 41.Nh4 Bc2 42.Nf3 Bb1 43.Nd2 Bc2
44.Ne4+ Ke7 45.Ke5 Bd3 46.Nd2 Be2 47.Nb3 Bc4 48.Nd4 Kf7 49.Nc6 Ba2 50.Kd6 Kg6
51.Ke5 Kf7 52.Nd8+ Ke7 53.g6  1-0

[Event "NLD-ch sf"]
[Site "Enschede"]
[Date "1991.??.??"]
[Round "7"]
[White "Vanheste, Jeroen"]
[Black "Pliester, Leon"]
[Result "1-0"]
[WhiteElo "2385"]
[BlackElo "2400"]

1.d4 Nf6 2.c4 e6 3.g3 d5 4.Bg2 Be7 5.Nf3 O-O 6.O-O c6 7.b3 b6 8.Nc3 Bb7 9.Bb2 Na6
10.Ne5 Nd7 11.Nd3 f5 12.e3 Nc7 13.Rc1 Rc8 14.Qe2 Qe8 15.Nb1 Ba6 16.Nd2 g5
17.Nf3 Qh5 18.Qd2 Rf6 19.Nfe5 Nxe5 20.Nxe5 Rh6 21.h3 Ne8 22.f3 Nd6 23.Rfe1 g4
24.fxg4 fxg4 25.Nxg4 Rg6 26.Qe2 Qg5 27.Ne5 Rg7 28.g4 Nf7 29.Nxf7 Rxf7 30.Rf1 Rg7
31.e4 dxc4 32.bxc4 h5 33.gxh5 Bb4 34.d5 cxd5 35.exd5 e5 36.h6 Qxh6 37.Qxe5 Rg5
38.Rf5 Rxf5 39.Qxf5 Rxc4 40.Rxc4 Qe3+ 41.Kh1  1-0

[Event "Espoo op"]
[Site "Espoo"]
[Date "1991.??.??"]
[Round "4"]
[White "Karner, Hillar"]
[Black "Nokso Koivisto, Antti"]
[Result "1-0"]
[WhiteElo "2350"]
[BlackElo "2370"]

1.d4 d5 2.c4 e6 3.Nf3 Nf6 4.g3 Be7 5.Bg2 O-O 6.O-O dxc4 7.Nc3 Nbd7 8.e4 Nb6
9.Qe2 Bb4 10.Rd1 Bd7 11.a3 Bxc3 12.bxc3 Ba4 13.Bg5 Bxd1 14.Rxd1 Qe8 15.Ne5 Nfd7
16.Nxc4 f6 17.Be3 Qe7 18.Ra1 c5 19.Na5 cxd4 20.cxd4 Rac8 21.Nxb7 Nc4 22.Bh3 Nxe3
23.Qxe3 Kh8 24.Na5 Rc7 25.Qb3 Re8 26.Rd1 Nb6 27.d5 exd5 28.exd5 Qd6 29.Nc6 g6
30.a4 Nd7 31.Nd4 a6 32.Ne6 Rcc8 33.Qf3 Kg8 34.Bf1 Rb8 35.h4 f5 36.h5 Re7
37.h6 a5 38.Qc3 Ra8 39.Qc6 Qxc6 40.dxc6 Nf8 41.Ng5 Rc7 42.Bc4+ Kh8 43.Rd6 Rb8
44.Rf6 Re7 45.Nf7+  1-0

[Event "Arnold Cup"]
[Site "Gausdal"]
[Date "1991.??.??"]
[Round "2"]
[White "Djurhuus, Rune"]
[Black "Wegner, Hannu"]
[Result "0-1"]
[WhiteElo "2400"]
[BlackElo "2435"]

1.Nf3 Nf6 2.c4 e6 3.g3 d5 4.Bg2 Be7 5.d4 O-O 6.O-O Nbd7 7.Qc2 c6 8.b3 b6
9.Bb2 Bb7 10.Nbd2 c5 11.Rac1 dxc4 12.Nxc4 Be4 13.Qd2 Qb8 14.dxc5 Bxc5 15.Rfd1 Rd8
16.Nd6 Bd5 17.Nxf7 Ne4 18.Nh6+ Kf8 19.Qc2 Bxf2+ 20.Kh1 gxh6 21.Rf1 Kg8 22.Nh4 Nxg3+
23.hxg3 Qxg3 24.Nf3 Bxf3 25.Rxf2 Qxf2 26.Bxf3 Qh4+ 27.Kg2 Rac8 28.Qxc8 Rxc8
29.Rxc8+ Kf7 30.Rc7 Qg5+ 31.Kf2 Qd2 32.Be5 Kg6 33.Be4+ Kg5 34.Rc2 Qd1 35.Bb2 Nf6
36.Bc1+ Kh4 37.Rc4 Ng4+  0-1

[Event "Bundesliga 9091"]
[Site "Germany"]
[Date "1991.??.??"]
[Round "?"]
[White "Schlemmermeyer, Wilhelm"]
[Black "Mueller, Olaf"]
[Result "1/2-1/2"]
[WhiteElo "2380"]
[BlackElo "2350"]

1.d4 Nf6 2.c4 e6 3.g3 d5 4.Bg2 Be7 5.Nf3 O-O 6.O-O dxc4 7.Qc2 a6 8.Qxc4 b5
9.Qc2 Bb7 10.Bf4 Nc6 11.Rd1 Nb4 12.Qc1 Rc8 13.Nc3 Nbd5 14.Nxd5 Bxd5 15.Be3 Qd6
16.Nd2 Bxg2 17.Kxg2 Qd5+ 18.f3 e5 19.Nb3 e4 20.Qc2 exf3+ 21.exf3 Bd6 22.Re1 Rfe8
23.Bf2  1/2-1/2

[Event "BL2-N qual"]
[Site "Germany"]
[Date "1991.??.??"]
[Round "?"]
[White "Steckner, Johannes"]
[Black "Heilemann, Manfred"]
[Result "1/2-1/2"]
[WhiteElo "2300"]
[BlackElo "2280"]

1.d4 Nf6 2.c4 e6 3.g3 d5 4.Nf3 Be7 5.Bg2 O-O 6.O-O Nbd7 7.Qc2 Ne4 8.b3 f5
9.Ba3 Bxa3 10.Nxa3 c6 11.Qb2 Ndf6 12.Nc2 Bd7 13.Nce1 Qe7 14.Nd3 Be8 15.Nfe5 Nd7
16.f3 Nxe5 17.Nxe5 Nf6 18.Qd2 dxc4 19.Nxc4 Rd8 20.Qb2  1/2-1/2

[Event "Bundesliga 9091"]
[Site "Germany"]
[Date "1991.??.??"]
[Round "?"]
[White "Goetz, Ralph"]
[Black "Neunhoeffer, Helmut"]
[Result "1/2-1/2"]
[WhiteElo "2350"]
[BlackElo "2285"]

1.d4 Nf6 2.c4 e6 3.g3 d5 4.Bg2 Be7 5.Nf3 O-O 6.Qc2 c6 7.O-O Nbd7 8.b3 b6
9.Rd1 Ba6 10.Nbd2 Rc8 11.e4 c5 12.exd5 exd5 13.Qf5 g6 14.Qh3 h5 15.Bb2 Rc7
16.Bh1 Bb7 17.Qf1 dxc4 18.Qxc4 Qa8 19.Bg2 Bd5 20.Qe2 Re8 21.Nh4 cxd4 22.Qd3 Bc5
23.Bxd4 Bxg2 24.Nxg2 Ne5 25.Bxe5 Rxe5 26.Nc4 Rd5 27.Qf3 Rxd1+ 28.Qxd1 Ng4
29.Nce3 Bxe3 30.Nxe3 Nxe3 31.fxe3 Re7 32.Qd4 Qe8 33.Kf2 Re4 34.Qc3 Re5 35.Rd1 Rf5+
36.Kg1 Rc5 37.Qd3 Qe6 38.Qd8+ Kh7 39.Qd3 Qc6 40.Rf1 Qe6 41.Rd1 a5 42.Rf1 b5
43.e4 b4 44.Qd4 Rc2 45.Rf2 Rc3 46.Qd5 Kg7 47.Qd4+ f6 48.Qa7+ Kh6 49.Qd4 Rc6
50.Kg2 Rd6 51.Qe3+ Kh7 52.h4 Rd7 53.Qf4 Kg7 54.Kh2 Qe7 55.Qf3 Rd4 56.Re2 Qd6
57.Qf4 Rd3 58.Qxd6 Rxd6 59.Kg2 Kf7 60.Kf3  1/2-1/2

[Event "Bundesliga 9091"]
[Site "Germany"]
[Date "1991.??.??"]
[Round "?"]
[White "Giemsa, Stephan"]
[Black "Mueller, Olaf"]
[Result "1/2-1/2"]
[WhiteElo "2240"]
[BlackElo "2350"]

1.d4 Nf6 2.c4 e6 3.g3 d5 4.Bg2 Be7 5.Nf3 O-O 6.O-O dxc4 7.Qc2 a6 8.Qxc4 b5
9.Qc2 Bb7 10.Bg5 Nbd7 11.Nbd2 Rc8 12.Bxf6 Nxf6 13.Nb3 c5 14.dxc5 Bd5 15.Rfd1 Bxb3
16.Qxb3 Qc7 17.a4 Qxc5 18.axb5 axb5 19.Ne1 Rfd8 20.Rxd8+ Rxd8 21.Nd3 Qb6
22.Qa2 Ne8 23.Rc1 Qb8 24.Qa6 Nc7 25.Qc6 Nd5 26.Bxd5 Rxd5 27.Ra1 Rd8 28.Ra5 b4
29.Rb5 Qc8 30.Qxc8 Rxc8 31.Nxb4 Rc1+ 32.Kg2 g6 33.Nd3 Rc2 34.Kf3 Kg7 35.Rb7 Bf6
36.b4 h5 37.b5 Rc3 38.Ke3 g5 39.Kd2 Rb3 40.Kc2 Rc3+ 41.Kd2 Rb3 42.Nc5 Rb2+
43.Kd3 Kg6 44.b6 Be5 45.Nd7 Bd6 46.Ra7 h4 47.Ra6 Kf5 48.e4+ Kg4 49.e5 Be7
50.Ra8 Kh3 51.Re8 Ba3 52.gxh4 gxh4 53.Rh8 Be7 54.Re8 Bg5 55.Kc3 Rb1 56.Kc2 Rb5
57.Rc8 Bf4 58.Rc3+ Kxh2 59.Rb3 Rxb6 60.Rxb6 Kg2 61.Nf6 Bxe5 62.Ng4 Bd4 63.Rb4 e5
64.f4 h3 65.Kd3 f5 66.fxe5 fxg4 67.Rxd4 g3 68.e6 h2 69.e7 h1=Q 70.e8=Q Qd1+
71.Kc4 Qc2+ 72.Kd5 Qb3+ 73.Ke4 Qb1+ 74.Kf4 Qf1+ 75.Kg4 Qf3+ 76.Kg5 Kh2 77.Qh8+ Kg1
78.Qe5 g2 79.Rd2 Kh1 80.Qh8+ Kg1 81.Qd4+ Kh1 82.Qh4+  1/2-1/2

[Event "Anadalucia-chT"]
[Site "Granada"]
[Date "1991.??.??"]
[Round "3"]
[White "Veingold, Aleksandr"]
[Black "Munoz Moreno, Francisco Javier"]
[Result "1/2-1/2"]
[WhiteElo "2465"]
[BlackElo "2280"]

1.d4 Nf6 2.Nf3 e6 3.g3 d5 4.Bg2 Be7 5.c4 O-O 6.O-O c6 7.Qc2 b6 8.Rd1 Bb7
9.b3 Nbd7 10.Nc3 Rc8 11.e4 dxe4 12.Ne5 Qc7 13.Bf4 Bd6 14.Nxd7 Nxd7 15.Bxd6 Qxd6
16.Nxe4 Qe7 17.c5 Rc7 18.Nd6 Ba6 19.b4 Rd8 20.Rac1 b5 21.Re1 Nf6 22.Bh3 Ne8
23.Nxf7 Kxf7 24.Bxe6+ Qxe6 25.Rxe6 Kxe6 26.Qxh7 Kf7 27.Qh5+ Kg8 28.Re1 Nf6
29.Qe5 Rf7 30.Re3 Bc8 31.f4  1/2-1/2

[Event "Anadalucia-chT"]
[Site "Granada"]
[Date "1991.??.??"]
[Round "5"]
[White "Veingold, Aleksandr"]
[Black "Perez Pardo, Juan Carlos"]
[Result "1/2-1/2"]
[WhiteElo "2465"]
[BlackElo "2320"]

1.d4 Nf6 2.Nf3 d5 3.c4 e6 4.g3 Be7 5.Bg2 O-O 6.O-O c5 7.dxc5 Nc6 8.a3 dxc4
9.Qc2 Qa5 10.Qxc4 Qxc5 11.Qxc5 Bxc5 12.b4 Bb6 13.Bb2 Bd7 14.Nbd2 Rfd8 15.Nc4 Bc7
16.Rac1 Rac8 17.Rfd1 Be8 18.Rxd8 Rxd8 19.Nfe5 Bxe5 20.Nxe5 Nxe5 21.Bxe5 Nd5
22.Bxd5 exd5 23.Bd4 a6 24.Bb6 Ra8 25.Rc7 Bc6 26.f3 h5 27.Kg2 Re8 28.e3 f6
29.Bd4 Rf8 30.Bc5 Re8 31.Kf2 Kh7 32.Ke2 Ra8 33.Bb6 Kg6 34.Kd3 Re8 35.Kd4 Re6
36.Bc5 Re8 37.Bd6 Kh6 38.Be7 Kg6 39.h4 Kf5 40.Bd6 g5 41.Rg7 Ra8 42.hxg5 fxg5
43.Be7 g4 44.fxg4+ hxg4 45.Bh4 a5 46.b5 Bxb5 47.Rxb7 Be2 48.Rb2 Bf3 49.Rb6 Rf8
50.Ra6 a4 51.Rxa4 Re8 52.Ra6 Re4+ 53.Kd3 Rc4  1/2-1/2

[Event "Hartberg op"]
[Site "Hartberg"]
[Date "1991.??.??"]
[Round "6"]
[White "Palac, Mladen"]
[Black "Ilincic, Zlatko"]
[Result "1/2-1/2"]
[WhiteElo "2475"]
[BlackElo "2470"]

1.d4 Nf6 2.Nf3 d5 3.c4 e6 4.g3 Be7 5.Bg2 O-O 6.Nc3 c6 7.O-O Nbd7 8.b3 b6
9.Bb2 Bb7 10.Rc1 Rc8  1/2-1/2

[Event "Helsingborg-A"]
[Site "Helsingborg"]
[Date "1991.??.??"]
[Round "?"]
[White "Madebrink, Lars"]
[Black "Sanden, Stefan"]
[Result "1/2-1/2"]
[WhiteElo "2245"]
[BlackElo "2285"]

1.d4 d5 2.c4 e6 3.Nf3 Nf6 4.g3 Be7 5.Bg2 O-O 6.O-O c6 7.Nbd2 b6 8.b3 Bb7
9.Bb2 dxc4 10.Nxc4 c5 11.dxc5 Bxc5 12.Qc2 Nbd7 13.Rfd1 Be4 14.Qc3 Qe7 15.b4 b5
16.Rxd7 Qxd7 17.Nce5 Bxf2+ 18.Kxf2 Qb7 19.Rd1 Bd5 20.Qd4 Ne4+ 21.Kg1 f6 22.Nd3 Rfd8
23.Qe3 e5 24.Nc5 Nxc5 25.bxc5 a5 26.Rc1 Bc6 27.Bh3 Bd5 28.Nh4 b4 29.Nf5 Kh8
30.Nd6 Qa7 31.Kf2 a4 32.Bf5 a3 33.Ba1 Bxa2 34.Rd1 Qa4 35.Rd2 Bg8 36.Be4 b3
37.Bxa8 Rxa8 38.Nf5 b2 39.Bxb2 axb2 40.Rxb2 Bd5 41.Rd2 Be6 42.Nd6 Qc6 43.Ne4 Bd5
44.Nc3 Bf7 45.Rd6 Qh1 46.Qf3 Qxh2+ 47.Qg2 Qxg2+ 48.Kxg2 Kg8 49.c6 Kf8 50.e4 Bg6
51.Kf3 f5 52.Nd5 fxe4+ 53.Kg4 e3 54.c7 e2 55.Rd8+ Kf7 56.Rxa8 e1=Q 57.Rf8+ Kxf8
58.c8=Q+ Be8 59.Qf5+ Bf7 60.Qc8+ Be8 61.Qf5+  1/2-1/2

[Event "CUB-ch"]
[Site "Holguin"]
[Date "1991.??.??"]
[Round "2"]
[White "Armas, Jorge"]
[Black "Calderin, Roberto"]
[Result "1/2-1/2"]
[WhiteElo "2400"]
[BlackElo "2345"]

1.d4 d5 2.c4 e6 3.Nf3 Nf6 4.g3 Be7 5.Bg2 O-O 6.O-O Nbd7 7.Qc2 Ne4 8.b3 c6
9.Bb2 b5 10.Nbd2 Nxd2 11.Nxd2 bxc4 12.bxc4 Ba6 13.Rfe1 Nb6 14.c5 Nc4 15.Nxc4 Bxc4
16.e4 Rb8 17.Bc3 Bb5 18.h4 Re8 19.e5 Qc8 20.f4 h5 21.Re3 g6 22.Be1 Kg7 23.Qc1  1/2-1/2

[Event "HUN-chT"]
[Site "HUN"]
[Date "1991.??.??"]
[Round "?"]
[White "Liptay, Laszlo"]
[Black "Sandor, Jozsef"]
[Result "1-0"]
[WhiteElo "2405"]
[BlackElo "2315"]

1.d4 Nf6 2.c4 e6 3.g3 d5 4.Bg2 Be7 5.Nf3 O-O 6.O-O Nbd7 7.Qc2 Re8 8.b3 a5
9.Nc3 dxc4 10.bxc4 Nb6 11.Qd3 c5 12.e3 Nfd7 13.Rb1 Bf6 14.Ne4 Qc7 15.dxc5 Nxc5
16.Nxf6+ gxf6 17.Qd4 e5 18.Qh4 Bf5 19.Rb5 Nbd7 20.Nd2 Rab8 21.f4 Bd3 22.Rf2 e4
23.Bh3 b6 24.Bf5 Nf8 25.Qxf6 Qe7 26.Rxb6 Qxf6 27.Rxf6 Nfd7  1-0

[Event "Jyvaskyla op"]
[Site "Jyvaskyla"]
[Date "1991.??.??"]
[Round "3"]
[White "Monin, Nikolay"]
[Black "Koskela, Niina"]
[Result "1-0"]
[WhiteElo "2395"]
[BlackElo "2110"]

1.d4 Nf6 2.c4 e6 3.g3 d5 4.Bg2 Be7 5.Nf3 O-O 6.O-O c5 7.Nc3 cxd4 8.Nxd4 e5
9.Nb3 d4 10.Nd5 Nxd5 11.cxd5 a5 12.a4 Na6 13.e3 dxe3 14.Bxe3 Bd6 15.Qd2 Nb4
16.f4 exf4 17.Bxf4 Bxf4 18.Rxf4 Ra6 19.Kh1 Rd6 20.Nxa5 Qxa5 21.Qxb4 Qc7 22.Rc4  1-0

[Event "Karlsruhe Elo"]
[Site "Karlsruhe"]
[Date "1991.??.??"]
[Round "1"]
[White "Heinemann, Thies"]
[Black "Marciano, David"]
[Result "1/2-1/2"]
[WhiteElo "2340"]
[BlackElo "2310"]

1.c4 Nf6 2.d4 e6 3.g3 d5 4.Bg2 Be7 5.Nf3 O-O 6.O-O dxc4 7.Qc2 a6 8.a4 Bd7
9.Ne5 Bc6 10.Nxc6 Nxc6 11.Bxc6 bxc6 12.Rd1 Qd5 13.Na3 c5 14.dxc5 Qh5 15.f3 Qxc5+
16.Kg2 c3 17.Qxc3 Qxc3 18.bxc3 Nd5 19.Bd2 Rfd8 20.Nc4 Bf6 21.Rdc1 Nb6 22.Nxb6 cxb6
23.Be1 Rac8 24.Rab1 Rc6 25.Rb3 h6 26.Rcb1 b5 27.axb5 axb5 28.Ra3 Rdc8 29.Rbb3 R6c7
30.f4 Be7 31.Ra2 Bf6 32.Rc2 b4  1/2-1/2

[Event "Karlsruhe Elo"]
[Site "Karlsruhe"]
[Date "1991.??.??"]
[Round "2"]
[White "Maiwald, Jens Uwe"]
[Black "Bezold, Michael"]
[Result "1/2-1/2"]
[WhiteElo "2210"]
[BlackElo "2330"]

1.d4 Nf6 2.c4 e6 3.g3 d5 4.Nf3 Be7 5.Bg2 O-O 6.O-O dxc4 7.Qc2 a6 8.Qxc4 b5
9.Qc2 Bb7 10.Bd2 Nc6  1/2-1/2

[Event "Katowice op"]
[Site "Katowice"]
[Date "1991.??.??"]
[Round "3"]
[White "Budnikov, Alexandar"]
[Black "Pigusov, Evgeny"]
[Result "0-1"]
[WhiteElo "2440"]
[BlackElo "2535"]

1.d4 Nf6 2.c4 e6 3.Nf3 d5 4.g3 Be7 5.Bg2 O-O 6.O-O dxc4 7.Qc2 a6 8.Qxc4 b5
9.Qc2 Bb7 10.Bd2 Nc6 11.e3 Nb4 12.Bxb4 Bxb4 13.a3 Be7 14.Nbd2 Qb8 15.Rfc1 Rc8
16.Nb3 Be4 17.Qe2 Nd7 18.Ne5 Bxg2 19.Nxd7 Qb7 20.Ne5 f6 21.f3 fxe5 22.Kxg2 Qd5
23.Na5 exd4 24.Nc6 Bc5 25.exd4 Bd6 26.Rc3 Re8 27.Qe4 a5 28.Re3 Qxe4 29.fxe4 Ra6
30.Rc1 Rea8 31.e5 Bf8 32.Kf3 Rb6 33.Ke4 a4 34.d5 exd5+ 35.Kxd5 b4 36.Ke6 bxa3
37.bxa3 Rd8 38.Rcc3 h6 39.h4 Bxa3 40.Kf5 Rf8+ 41.Ke6 Bb2 42.Kd7 Rf7+ 43.Kc8 Bxc3
44.Rxc3 a3 45.e6 Rf8+ 46.Kd7 Ra6 47.Rc1 a2 48.Ra1 Rf6 49.e7 Rd6+ 50.Kc8 Re6
51.Nb8 Rad6 52.Kxc7 Rd2 53.Nc6 Rc2 54.Kd7 Rcxc6 55.e8=Q+ Rxe8 56.Kxc6 Ra8
57.Kd5 Kf7  0-1

[Event "Katowice op"]
[Site "Katowice"]
[Date "1991.??.??"]
[Round "8"]
[White "Vaulin, Alexander"]
[Black "Gleizerov, Evgeny"]
[Result "0-1"]
[WhiteElo "2510"]
[BlackElo "2485"]

1.c4 e6 2.g3 d5 3.Bg2 Nf6 4.Nf3 Be7 5.d4 O-O 6.O-O Nbd7 7.Qc2 c6 8.b3 b6
9.Rd1 Ba6 10.Nbd2 Rc8 11.e4 Bb7 12.Bb2 Qc7 13.Rac1 Qb8 14.e5 Ne8 15.Nf1 Nc7
16.Ne3 Qa8 17.c5 bxc5 18.dxc5 Bxc5 19.Ng5 g6 20.Ng4 Be7 21.Nf6+ Bxf6 22.exf6 c5
23.b4 Ne8 24.bxc5 Rxc5 25.Qa4 Rxc1 26.Rxc1 Nexf6 27.Rc7 Qb8 28.Rxd7 Nxd7
29.Qxd7 Ba6  0-1

[Event "Kecskemet"]
[Site "Kecskemet"]
[Date "1991.??.??"]
[Round "4"]
[White "Golikov, Anatolij"]
[Black "Mathe, Gaspar"]
[Result "1/2-1/2"]
[WhiteElo "2415"]
[BlackElo "2405"]

1.d4 d5 2.Nf3 Nf6 3.c4 e6 4.g3 Be7 5.Bg2 O-O 6.O-O c6 7.Nc3 b6 8.b3 Nbd7
9.Qc2 Bb7 10.Rd1 Qc7 11.e4 dxe4 12.Ng5 e5 13.dxe5 Nxe5 14.Ncxe4 Ng6 15.Bb2  1/2-1/2

[Event "JUG-ch"]
[Site "Kladovo"]
[Date "1991.??.??"]
[Round "1"]
[White "Nikolic, Nebojsa"]
[Black "Nikolic, Boban"]
[Result "1-0"]
[WhiteElo "2395"]
[BlackElo "2285"]

1.d4 Nf6 2.c4 e6 3.g3 d5 4.Bg2 Be7 5.Nf3 O-O 6.O-O Nbd7 7.Qc2 c6 8.b3 b6
9.Nc3 Bb7 10.e4 Rc8 11.Bb2 c5 12.exd5 exd5 13.Rad1 dxc4 14.bxc4 cxd4 15.Rxd4 Qc7
16.Rfd1 a6 17.Ng5 g6 18.Bxb7 Qxb7 19.Nce4 Rc6 20.Nxf6+ Nxf6 21.Qc3 Rfc8 22.Rd7 R8c7
23.Rd8+ Bxd8 24.Rxd8+ Kg7 25.Ne4 Rd7 26.Rxd7 Qxd7 27.Nxf6 Qd1+ 28.Kg2 Qe2
29.Qd4 Qxc4 30.Qd8 Rc8 31.Ne4+  1-0

[Event "JUG-ch"]
[Site "Kladovo"]
[Date "1991.??.??"]
[Round "4"]
[White "Paunovic, Dragan"]
[Black "Sinadinovic, Andjelko"]
[Result "1-0"]
[WhiteElo "2455"]
[BlackElo "2365"]

1.Nf3 d5 2.c4 e6 3.d4 Be7 4.g3 Nf6 5.Bg2 O-O 6.Nc3 c6 7.O-O Nbd7 8.Qb3 b6
9.cxd5 cxd5 10.Bg5 Bb7 11.Rfc1 Rc8 12.e3 Ne8 13.Bxe7 Qxe7 14.Nb5 a6 15.Rxc8 Bxc8
16.Rc1 Bb7 17.Na7 Qd6 18.Qc3 f6 19.Bh3 Kf7 20.Nc6 Nb8 21.Nxb8 Qxb8 22.Qb4 Qd8
23.Bxe6+ Kxe6 24.Qxf8 h6 25.Nh4 Qe7 26.Qxe7+ Kxe7 27.Ng6+ Kd6 28.h4 a5 29.f3 Nc7
30.Ne7 Kd7 31.Rxc7+ Kxc7 32.Nf5 g5 33.Nxh6 gxh4 34.gxh4 b5 35.Ng8  1-0

[Event "JUG-ch"]
[Site "Kladovo"]
[Date "1991.??.??"]
[Round "9"]
[White "Cvitan, Ognjen"]
[Black "Nikolic, Nebojsa"]
[Result "1-0"]
[WhiteElo "2535"]
[BlackElo "2395"]

1.Nf3 d5 2.c4 e6 3.g3 Nf6 4.Bg2 Be7 5.d4 O-O 6.O-O c6 7.Qc2 Nbd7 8.b3 b6
9.Rd1 Bb7 10.Nc3 Rc8 11.e4 dxe4 12.Nxe4 c5 13.Nxf6+ Bxf6 14.Ng5 Bxg5 15.Bxb7 Rc7
16.Be4 f5 17.Bg2 Bf6 18.Bb2 cxd4 19.Bxd4 e5 20.Bb2 e4 21.Rd5 Bxb2 22.Qxb2 Qe7
23.Rad1 g6 24.Qd4 Nf6 25.Rd6 Kg7 26.f3 exf3 27.Bxf3 Re8 28.Kf2 Kf7 29.a4 Rc5
30.Rd8 Re5 31.Rxe8 Qxe8 32.Qd8 Qe7 33.Rd6 Rc5 34.h3 g5 35.Bh5+ Nxh5 36.Rd7 Re5
37.Rxe7+ Rxe7 38.a5 bxa5 39.Qxa5 Ng7 40.Qd5+ Kf6 41.b4 Ne6 42.c5 Rc7 43.Qd6 h5
44.Ke3 Rc8 45.Qa6 Rc7 46.Kd3 Rd7+ 47.Kc3 f4 48.gxf4 gxf4 49.c6 Rf7 50.Kd2 f3
51.Ke1 Kg7 52.Kf2 Nf4 53.Qc4 Nxh3+ 54.Kf1 Rc7 55.Qd4+ Kf7 56.Qd5+ Ke7 57.Qe5+ Kd8
58.Qd6+  1-0

[Event "Kobanya op"]
[Site "Kobanya"]
[Date "1991.??.??"]
[Round "3"]
[White "Hutters, Tomas"]
[Black "Lengyel, Bela"]
[Result "1-0"]
[WhiteElo "2465"]
[BlackElo "2365"]

1.d4 d5 2.Nf3 Nf6 3.c4 e6 4.g3 Be7 5.Bg2 O-O 6.O-O dxc4 7.Nc3 c5 8.dxc5 Bxc5
9.Ne5 Nc6 10.Nxc4 Qe7 11.Bg5 Rd8 12.Qc1 Bd7 13.Ne4 Bd4 14.e3 h6 15.Bh4 g5
16.exd4 Nxe4 17.Bxe4 Nxd4 18.Qe3 Bb5 19.Rfd1 Bxc4 20.Rxd4 Rxd4 21.Qxd4 Ba6
22.Bxg5 hxg5 23.Rd1 g4 24.Bd3 Bxd3 25.Rxd3 Qg5 26.Qe4 Rc8 27.Rd4 Qc1+ 28.Kg2 Qxb2
29.Qe5 Kh7 30.Qf6 Qe2 31.Qxf7+ Kh8 32.Qh5+  1-0

[Event "Kobanya op"]
[Site "Kobanya"]
[Date "1991.??.??"]
[Round "8"]
[White "Szekely, Peter"]
[Black "Pasztor, Ferenc"]
[Result "1-0"]
[WhiteElo "2430"]
[BlackElo "2310"]

1.Nf3 d5 2.c4 e6 3.g3 Nf6 4.Bg2 Be7 5.d4 O-O 6.Qc2 Nbd7 7.O-O b6 8.cxd5 Nxd5
9.Rd1 Bb7 10.a3 Rc8 11.e4 N5f6 12.Nc3 c5 13.d5 exd5 14.e5 d4 15.exf6 Nxf6
16.Nxd4 Bxg2 17.Nf5 Bc6 18.Rxd8 Bxd8 19.Bf4 Nh5 20.Be3 g6 21.Bh6 Bd7 22.Nd6 Rc6
23.Bxf8 Kxf8 24.Qd2 Nf6 25.Re1 Be7 26.Nde4  1-0

[Event "Kobanya op"]
[Site "Kobanya"]
[Date "1991.??.??"]
[Round "8"]
[White "Khasin, Alexander"]
[Black "Feher, Gyula"]
[Result "1-0"]
[WhiteElo "2450"]
[BlackElo "2375"]

1.c4 e6 2.g3 d5 3.Bg2 Nf6 4.Nf3 Be7 5.d4 O-O 6.Nc3 dxc4 7.Ne5 Qd6 8.Nxc4 Qa6
9.Qb3 Nc6 10.e3 Rb8 11.O-O b5 12.Nd2 e5 13.d5 Na5 14.Qc2 b4 15.Na4 Qb5 16.b3 Nxd5
17.Bb2 Bd6 18.Nc4 Bd7 19.Rfd1 Be6 20.Rac1 Nb7 21.Bf1 Qe8 22.Nxe5 Nc3 23.Bxc3 bxc3
24.Nc4 Bg4 25.Rd4 Bf3 26.Qxc3  1-0

[Event "Krasnodar"]
[Site "Krasnodar"]
[Date "1991.??.??"]
[Round "?"]
[White "Poluljahov, Aleksandr"]
[Black "Zhukhovitsky, Samuel"]
[Result "1-0"]
[WhiteElo "2360"]
[BlackElo "2460"]

1.d4 Nf6 2.Nf3 d5 3.c4 e6 4.g3 Be7 5.Bg2 O-O 6.O-O Ne4 7.Nc3 f5 8.Qb3 c6
9.Be3 Nd7 10.Rad1 Kh8 11.Nxe4 dxe4 12.Ne1 Qb6 13.Qc3 Qc7 14.Bf4 Qb6 15.Be3 Qc7
16.f3 exf3 17.exf3 e5 18.Nd3 f4 19.Bf2 fxg3 20.hxg3 exd4 21.Qxd4 Nb6 22.Nf4 Bf6
23.Qc5 Qf7 24.b3 Be7 25.Qa5 Bf5 26.Rfe1 h6 27.Re5 Bh7 28.Ne6 Rfc8 29.f4 Bf6
30.Ree1 Nd7 31.Bh3 b6 32.Qa6 Nf8 33.Ng5 hxg5 34.Bxc8 Rb8 35.fxg5 Bxg5 36.Bg4 Bc2
37.Rd6 c5 38.Qa4 Bf6 39.Kg2 Kg8 40.Bf3 Kh8 41.Qc6 Bh7 42.Bd5  1-0

[Event "Leningrad op"]
[Site "Leningrad"]
[Date "1991.??.??"]
[Round "?"]
[White "Frog, Ilya"]
[Black "Kruppa, Yuri"]
[Result "0-1"]
[WhiteElo "2390"]
[BlackElo "2480"]

1.c4 e6 2.d4 Nf6 3.g3 d5 4.Bg2 Be7 5.Nf3 O-O 6.Nbd2 b6 7.O-O Bb7 8.b3 a5
9.a4 Na6 10.Bb2 Nb4 11.Ne5 c5 12.cxd5 exd5 13.Qb1 Re8 14.Nd3 Ba6 15.dxc5 Bxc5
16.Nf3 Rxe2 17.Nxb4 axb4 18.Bd4 Ne4 19.a5 Bxd4 20.Nxd4 Rd2 21.Bxe4 dxe4 22.Nc6 Qe8
23.Qc1 e3 24.axb6 Bxf1 25.Rxa8 Qxa8 26.Kxf1 e2+  0-1

[Event "Lenk op"]
[Site "Lenk"]
[Date "1991.??.??"]
[Round "2"]
[White "Leutwyler, Martin"]
[Black "Donev, Ivo Hristov"]
[Result "0-1"]
[WhiteElo "2150"]
[BlackElo "2415"]

1.d4 d5 2.Nf3 Nf6 3.c4 e6 4.g3 Be7 5.Bg2 O-O 6.O-O dxc4 7.Ne5 Qd6 8.Na3 Qa6
9.Naxc4 Rd8 10.Qb3 Rxd4 11.Be3 Rd5 12.a4 Nbd7 13.Bxd5 exd5 14.Nxd7 Bxd7 15.Ne5 Be6
16.Qb5 c5 17.Qxa6 bxa6 18.Rfc1 Rc8 19.Nd3 d4 20.Bd2 Ne4 21.Be1 g5 22.f3 Nf6
23.Ne5 Nd5 24.Nc4 f5 25.Ra3 f4 26.g4 Ne3 27.b3 Rb8 28.Bd2 Nxc4 29.bxc4 Rb2
30.Ba5 Rxe2 31.Rb3 Re3 32.Rb8+ Kf7 33.Kf2 d3 34.Rb2 Bf6 35.Rd2 Bd4 36.Kg2 Kf6
37.Bc3 Ke5 38.Ba5 Bd7 39.Ra2 Rxf3 40.Bc7+ Ke6 41.Re1+ Re3 42.Kf1 Kf6 43.Bd8+ Kg6
44.Rxe3 fxe3 45.h3 Be6  0-1

[Event "ESP-ch"]
[Site "Lleida"]
[Date "1991.??.??"]
[Round "4"]
[White "Rivas Pastor, Manuel"]
[Black "Gomez Esteban, Juan Mario"]
[Result "1-0"]
[WhiteElo "2450"]
[BlackElo "2395"]

1.d4 d5 2.c4 e6 3.Nf3 Nf6 4.g3 Be7 5.Bg2 O-O 6.Nc3 c6 7.O-O b6 8.b3 Bb7 9.Bb2 Nbd7
10.Rc1 Rc8 11.Qd3 Rc7 12.Rfd1 Qa8 13.Nd2 c5 14.cxd5 exd5 15.Nf1 c4 16.Qb1 a6
17.bxc4 dxc4 18.e4 b5 19.a3 Re8 20.Ne3 Bf8 21.f3 Nb6 22.Kh1 g6 23.d5 Nbd7
24.Na2 Bg7 25.Qa1 Bh6 26.Bd4 Rcc8 27.Re1 Bg7 28.Bh3 c3 29.Bxd7 Nxd7 30.Bxg7 Kxg7
31.Rxc3 Kg8 32.Ng4 h5 33.Nh6+ Kf8 34.Rxc8 Rxc8 35.Qh8+ Ke7 36.Qg7 Rf8 37.Nb4 Qa7
38.Kg2 Nf6 39.Nf5+ gxf5 40.exf5+ Kd7 41.Qxf8  1-0